| 000 | 00578nam a2200181Ia 4500 | ||
|---|---|---|---|
| 008 | 220216s9999 xx 000 0 und d | ||
| 100 | _aGrist P | ||
| 245 | 2 | _aA modified version of the BEAM rubber agroforestry model : Smallholders in Indonesia | |
| 260 | _bIn Imperata Project Paper - Improving Smallholder Farming Systems in Imperata Areas of Southeast Asia, No. 3, 1995, piii + 28 | ||
| 500 | _aSource Year: 1997 | ||
| 650 | _aBEAM rubber | ||
| 650 | _aIndonesia | ||
| 650 | _aSmallholder | ||
| 700 | _aMenz K | ||
| 700 | _aThomas | ||
| 856 | _uIRRDB | ||
| 942 | _cJS | ||
| 999 |
_c53403 _d53403 |
||